The Golden Slumbers, Carry That Weight, The End - The Beatles [lyrics] - Statistics

General Stats
  • This quiz has been taken 80 times
  • The average score is 162 of 184
Answer Stats
Answer % Correct
a
98%
I
98%
the
98%
The
98%
To
98%
to
98%
you
98%
your
98%
And
96%
Golden
96%
slumbers
96%
Boy
94%
carry
94%
Carry
94%
sing
94%
that
94%
weight
94%
will
94%
cry
92%
darling
92%
do
92%
in
92%
lullaby
92%
not
92%
Once
92%
Sleep
92%
was
92%
back
90%
get
90%
home
90%
there
90%
time
90%
way
90%
eyes
88%
gonna
88%
long
88%
you're
88%
fill
87%
love
87%
end
85%
give
85%
my
85%
pretty
85%
homeward
81%
make
81%
never
81%
when
81%
equal
79%
Is
79%
take
77%
Smiles
75%
of
73%
pillow
73%
down
71%
rise
71%
awake
69%
break
69%
middle
69%
Oh
67%
only
67%
send
60%
Yeah
56%
yeah
56%
celebrations
54%
be
50%
dreams
50%
Tonight
50%
all
48%
going
46%
right
46%
invitations
44%
Are
38%
No matching quizzes found
Score Distribution
Percent of People with Each Score
Percentile by Number Answered
Your Score History
You have not taken this quiz